000 00489nam a2200169Ia 4500
003 GCL
008 140319s9999 xx 000 0 ara d
040 _aGCL /
_cGCL
082 0 4 _a891.81
_bن ز
100 1 _aنجيب سليمان
245 1 0 _aالزهور الزرقاء وقصص اخرى من الادب البلغارى الحديث /
_cنجيب سليمان
300 _a159 ص
490 _a
650 0 4 _aالادب
650 0 4 _aالادب البلغارى
942 _2ddc
_cBK
999 _c40661
_d40661